Palestine peace not apartheid / (Record no. 17617)
[ view plain ]
| 000 -LEADER | |
|---|---|
| fixed length control field | 02790nam a22004457a 4500 |
| 003 - CONTROL NUMBER IDENTIFIER | |
| control field | OSt |
| 005 - DATE AND TIME OF LATEST TRANSACTION | |
| control field | 20230331110107.0 |
| 008 - FIXED-LENGTH DATA ELEMENTS--GENERAL INFORMATION | |
| fixed length control field | 160621b xxu||||| |||| 00| 0 eng d |
| 010 ## - LIBRARY OF CONGRESS CONTROL NUMBER | |
| LC control number | 2006050997 |
| 020 ## - INTERNATIONAL STANDARD BOOK NUMBER | |
| International Standard Book Number | 0743285026 (alk. paper) |
| 020 ## - INTERNATIONAL STANDARD BOOK NUMBER | |
| International Standard Book Number | 9780743285025 (alk. paper) |
| 020 ## - INTERNATIONAL STANDARD BOOK NUMBER | |
| International Standard Book Number | 9780743285025 |
| 035 ## - SYSTEM CONTROL NUMBER | |
| System control number | (OCoLC)ocm71275670 |
| 035 ## - SYSTEM CONTROL NUMBER | |
| System control number | (OCoLC)71275670 |
| 040 ## - CATALOGING SOURCE | |
| Original cataloging agency | MMU |
| Transcribing agency | MMU |
| Modifying agency | MMU |
| -- | MMU |
| -- | MMU |
| -- | MMU |
| -- | MMU |
| -- | MMU |
| Language of cataloging | eng |
| 043 ## - GEOGRAPHIC AREA CODE | |
| Geographic area code | a-is--- |
| -- | aw----- |
| -- | n-us--- |
| 050 00 - LIBRARY OF CONGRESS CALL NUMBER | |
| Classification number | DS119.7 |
| Item number | .C3583 2006 |
| 082 00 - DEWEY DECIMAL CLASSIFICATION NUMBER | |
| Classification number | 956.04 |
| Edition number | 22 |
| 100 1# - MAIN ENTRY--PERSONAL NAME | |
| Personal name | Carter, Jimmy, |
| Dates associated with a name | 1924- |
| 245 10 - TITLE STATEMENT | |
| Title | Palestine peace not apartheid / |
| Statement of responsibility, etc. | Jimmy Carter. |
| 260 ## - PUBLICATION, DISTRIBUTION, ETC. (IMPRINT) | |
| Place of publication, distribution, etc. | New York : |
| Name of publisher, distributor, etc. | Simon & Schuster, |
| Date of publication, distribution, etc. | c2006. |
| 300 ## - PHYSICAL DESCRIPTION | |
| Extent | xiv, 264 p. : |
| Other physical details | maps ; |
| Dimensions | 25 cm. |
| 504 ## - BIBLIOGRAPHY, ETC. NOTE | |
| Bibliography, etc | Includes bibliographical references and index. |
| 505 0# - FORMATTED CONTENTS NOTE | |
| Formatted contents note | Historical chronology -- Prospects for peace -- My first visit to Israel, 1973 -- My presidency, 1977-81 -- The key players -- Other neighbors -- The Reagan years, 1981-1989 -- My visits with Palestinians -- The George H. W. Bush years -- The Oslo agreement -- The Palestinian election, 1996 -- Bill Clinton's peace efforts -- The George W. Bush years-- The Geneva Initiative -- The Palestinian election, 2005 -- The Palestinian and Israeli elections, 2006 -- The wall as a prison -- Appendices: U.N. Resolutions 242 (1967) & 338 (1973) -- Camp David Accords, 1978-- Framework for Egypt-Israel Peace Treaty, 1978 -- U.N. Resolution 465, 1980 -- Arab peace proposal, 2002 -- Israel's response to the roadmap, May 25, 2003 -- MAPS: The Middle East today -- U.N. Partition Plan, 1947 -- Israel, 1949-67 -- Israel, 1967-82 -- Israel, 1982-2006 -- Clinton's proposal, 2000 -- Sharon's plan, 2002 -- Geneva Initiative, 2003 -- Palestinians surrounded, 2006. |
| 600 10 - SUBJECT ADDED ENTRY--PERSONAL NAME | |
| Personal name | Carter, Jimmy, |
| Dates associated with a name | 1924- |
| 650 #0 - SUBJECT ADDED ENTRY--TOPICAL TERM | |
| Topical term or geographic name as entry element | Arab-Israeli conflict |
| Chronological subdivision | 1973-1993. |
| 650 #0 - SUBJECT ADDED ENTRY--TOPICAL TERM | |
| Topical term or geographic name as entry element | Arab-Israeli conflict |
| Chronological subdivision | 1993- |
| General subdivision | Peace. |
| 650 #0 - SUBJECT ADDED ENTRY--TOPICAL TERM | |
| Topical term or geographic name as entry element | Palestinian Arabs |
| General subdivision | Politics and government |
| Chronological subdivision | 1973-1993. |
| 650 #0 - SUBJECT ADDED ENTRY--TOPICAL TERM | |
| Topical term or geographic name as entry element | Palestinian Arabs |
| General subdivision | Politics and government |
| Chronological subdivision | 1993- |
| 651 #0 - SUBJECT ADDED ENTRY--GEOGRAPHIC NAME | |
| Geographic name | United States |
| General subdivision | Foreign relations |
| Geographic subdivision | Middle East. |
| 651 #0 - SUBJECT ADDED ENTRY--GEOGRAPHIC NAME | |
| Geographic name | Middle East |
| General subdivision | Foreign relations |
| Geographic subdivision | United States. |
| 651 #0 - SUBJECT ADDED ENTRY--GEOGRAPHIC NAME | |
| Geographic name | Israel |
| General subdivision | Politics and government |
| Chronological subdivision | 1973-1993. |
| 651 #0 - SUBJECT ADDED ENTRY--GEOGRAPHIC NAME | |
| Geographic name | Israel |
| General subdivision | Politics and government |
| Chronological subdivision | 1993- |
| 856 42 - ELECTRONIC LOCATION AND ACCESS | |
| Materials specified | Publisher description |
| Uniform Resource Identifier | <a href="http://www.loc.gov/catdir/enhancements/fy0668/2006050997-d.html">http://www.loc.gov/catdir/enhancements/fy0668/2006050997-d.html</a> |
| 856 41 - ELECTRONIC LOCATION AND ACCESS | |
| Materials specified | Sample text |
| Uniform Resource Identifier | <a href="http://www.loc.gov/catdir/enhancements/fy0705/2006050997-s.html">http://www.loc.gov/catdir/enhancements/fy0705/2006050997-s.html</a> |
| 856 41 - ELECTRONIC LOCATION AND ACCESS | |
| Materials specified | Table of contents only |
| Uniform Resource Identifier | <a href="http://www.loc.gov/catdir/enhancements/fy0705/2006050997-t.html">http://www.loc.gov/catdir/enhancements/fy0705/2006050997-t.html</a> |
| 906 ## - LOCAL DATA ELEMENT F, LDF (RLIN) | |
| a | 7 |
| b | cbc |
| c | orignew |
| d | 1 |
| e | ocip |
| f | 20 |
| g | y-gencatlg |
| 942 ## - ADDED ENTRY ELEMENTS (KOHA) | |
| Source of classification or shelving scheme | Library of Congress Classification |
| Koha item type | L |
| Withdrawn status | Lost status | Source of classification or shelving scheme | Damaged status | Not for loan | Home library | Current library | Date acquired | Source of acquisition | Total Checkouts | Full call number | Barcode | Date last seen | Date last checked out | Price effective from | Koha item type |
|---|---|---|---|---|---|---|---|---|---|---|---|---|---|---|---|
| Library of Congress Classification | Maasai Mara University Library -Main Campus | Maasai Mara University Library -Main Campus | 06/21/2016 | Donation | 1 | DS119.7 .C3583 2006 | 201516150 | 04/22/2019 | 04/11/2019 | 06/21/2016 | L |